LEADER 00953nam 2200361 450 001 990001039770203316 035 $a0103977 035 $aUSA010103977 035 $a(ALEPH)000103977USA01 035 $a0103977 100 $a20020318d--------km-y0itay0103----ba 101 $aita 102 $aIT 110 $aafa-------- 200 1$a<> Marina Italiana$erassegna delle industrie del mare 210 $aGenova 215 $av.$d28 cm 326 $aMensile 410 $12001 421 1$1001-------$12001 430 1$1001-------$12001 606 0 $aMarina italiana$xPeriodici 676 $a623.82 801 0$aIT$bsalbc$gISBD 912 $a990001039770203316 958 $aEC$bEP 55$c70(1972)- scompleti 1980-1981 959 $aSE 969 $aECO 979 $aPATTY$b90$c20020318$lUSA01$h1529 979 $c20020403$lUSA01$h1744 979 $aPATRY$b90$c20040406$lUSA01$h1712 996 $aMarina italiana$9791811 997 $aUNISA LEADER 00966nam2-2200349---450- 001 990009524100403321 005 20120206111445.0 035 $a000952410 035 $aFED01000952410 035 $a(Aleph)000952410FED01 035 $a000952410 100 $a20120206d1979----km-y0itay50------ba 101 0 $aita 102 $aIT 105 $a--------001cy 200 1 $aAsia$fa cura di Rino Gaion e Leonardo Zardi 210 $aTorino$cSIAE$dİ1979 215 $a343 p.$cill.$d28 cm 320 $aContiene riferimenti bibl. (pp. 337-338) 461 0$1001000952396$12001$aPopoli diversi$v5 610 0 $aAntropologia culturale$aStudi 610 0 $aAsia$aStudi antropologici 676 $a306.095$v22$zita 702 1$aGaion,$bRino 702 1$aZardi,$bLeonardo 801 0$aIT$bUNINA$gRICA$2UNIMARC 901 $aBK 912 $a990009524100403321 952 $a306.09 GAI 1,5$b1923/5$fBFS 959 $aBFS 996 $aAsia$9741226 997 $aUNINA